Detalles MARC
| 000 -LEADER |
| fixed length control field |
01142cam a2200349 a 4500 |
| 001 - CONTROL NUMBER |
| control field |
000020114 |
| 003 - CONTROL NUMBER IDENTIFIER |
| control field |
DO-SdBNP |
| 005 - DATE AND TIME OF LATEST TRANSACTION |
| control field |
20151119112917.0 |
| 007 - PHYSICAL DESCRIPTION FIXED FIELD--GENERAL INFORMATION |
| fixed length control field |
000020114 |
| 008 - FIXED-LENGTH DATA ELEMENTS--GENERAL INFORMATION |
| fixed length control field |
700702s1999 dr 000 d spa d |
| 020 ## - INTERNATIONAL STANDARD BOOK NUMBER |
| International Standard Book Number |
8481301515 |
| 040 ## - CATALOGING SOURCE |
| Original cataloging agency |
BPMSU |
| Language of cataloging |
spa |
| Transcribing agency |
BPMSU |
| 092 ## - LOCALLY ASSIGNED DEWEY CALL NUMBER (OCLC) |
| Classification number |
822.33 |
| Item number |
S527r |
| 100 1# - MAIN ENTRY--PERSONAL NAME |
| Personal name |
Shakespeare, William, |
| Dates associated with a name |
1564-1616 |
| 240 10 - UNIFORM TITLE |
| Uniform title |
<a href="Romeo and Juliet.">Romeo and Juliet.</a> |
| Language of a work |
Español |
| 245 10 - TITLE STATEMENT |
| Title |
Romeo y Julieta / |
| Statement of responsibility, etc. |
William Shakespeare ; traducción de José María Valverde. |
| 260 ## - PUBLICATION, DISTRIBUTION, ETC. (IMPRINT) |
| Place of publication, distribution, etc. |
Madrid : |
| Name of publisher, distributor, etc. |
Milenium, |
| Date of publication, distribution, etc. |
1999. |
| 300 ## - PHYSICAL DESCRIPTION |
| Extent |
126 p. ; |
| Dimensions |
21 cm. |
| 490 1# - SERIES STATEMENT |
| Series statement |
Milenium. Las 100 joyas del milenio |
| Volume/sequential designation |
4 |
| 504 ## - BIBLIOGRAPHY, ETC. NOTE |
| Bibliography, etc |
Incluye notas al pie de las páginas. |
| 534 ## - ORIGINAL VERSION NOTE |
| Main entry of original |
Título original: Romeo and Juliet |
| 650 #4 - SUBJECT ADDED ENTRY--TOPICAL TERM |
| Topical term or geographic name as entry element |
TEATRO INGLÉS |
| 650 #4 - SUBJECT ADDED ENTRY--TOPICAL TERM |
| Topical term or geographic name as entry element |
DRAMA INGLÉS |
| 650 #4 - SUBJECT ADDED ENTRY--TOPICAL TERM |
| Topical term or geographic name as entry element |
LITERATURA INGLESA |
| 700 12 - ADDED ENTRY--PERSONAL NAME |
| Personal name |
Valverde, José María, |
| Relator term |
tr. |
| 830 #0 - SERIES ADDED ENTRY--UNIFORM TITLE |
| Uniform title |
Milenium Las 100 joyas del milenio ; |
| Number of part/section of a work |
4 |
| 910 ## - USER-OPTION DATA (OCLC) |
| User-option data |
Validado. Control de calidad MFF |
| 930 #1 - EQUIVALENCE OR CROSS-REFERENCE-UNIFORM TITLE HEADING [LOCAL, CANADA] |
| Language of a work |
BND01 |
| Medium of performance for music |
LF1 |
| Medium |
822.33 |
| Field link and sequence number |
20100721 |
| Date of a work |
04 |
| Name of part/section of a work |
HD |
| 942 ## - ADDED ENTRY ELEMENTS (KOHA) |
| Source of classification or shelving scheme |
Dewey Decimal Classification |
| Koha item type |
Libros |
| 956 ## - LOCAL ELECTRONIC LOCATION AND ACCESS (OCLC) |
| Host name |
MFILETO |
| Access number |
40 |
| Compression information |
20150423 |
| Logon |
BND01 |
| Processor of request |
1324 |
| 956 ## - LOCAL ELECTRONIC LOCATION AND ACCESS (OCLC) |
| Host name |
VMATEO |
| Access number |
10 |
| Compression information |
20150505 |
| Logon |
BMET02 |
| Processor of request |
00151 |